000 00582nam a2200181Ia 4500
003 GCL
008 140319s9999 xx 000 0 ara d
040 _aGCL /
_cGCL
082 0 4 _a956
_bن م
100 1 _aنصر شمالى
245 1 0 _aموضوعات للذاكرة العربية : الاسس , والثوابت , والمصير /
_cنصر شمالى
300 _a293 ص
490 _a
650 0 4 _aالعلاقات الخارجية
650 0 4 _aالاستعمار فى البلاد العربية
650 0 4 _aالعالم العربى - تاريخ
942 _2ddc
_cBK
999 _c44340
_d44340